| Tag |
First Indicator |
Second Indicator |
Subfields |
| LEADER |
00000cam a2200000 i 4500 |
| 001 |
in00004811313 |
| 008 |
150429q19941995xxu 001 0 eng d |
| 005 |
20240807190718.4 |
| 035 |
|
|
|a (OCoLC)ocn911627979
|
| 040 |
|
|
|a TAG
|b eng
|e rda
|c TAG
|d OCLCF
|d OCLCQ
|d OCLCO
|
| 028 |
5 |
2 |
|a 1145-95
|b Cookbook Publishers, Inc.
|
| 035 |
|
|
|a (OCoLC)911627979
|
| 050 |
1 |
4 |
|a TX715
|b .S43 1995
|
| 049 |
|
|
|a MAIN
|
| 110 |
2 |
|
|a Texas A & M University at Galveston.
|0 http://id.loc.gov/authorities/names/n80099732
|
| 245 |
1 |
0 |
|a Sea Aggie cookbook :
|b training ship "Texas Clipper."
|
| 264 |
|
1 |
|a [Place of publication not identified] :
|b Cookbook Publishers, Incorporated,
|c [1995?]
|
| 300 |
|
|
|a ii, 86 pages ;
|c 23 cm
|
| 336 |
|
|
|a text
|b txt
|2 rdacontent
|
| 337 |
|
|
|a unmediated
|b n
|2 rdacontent
|
| 338 |
|
|
|a volume
|b nc
|2 rdacarrier
|
| 500 |
|
|
|a Includes index.
|
| 500 |
|
|
|a Includes bookmark with cooking equivalents and recipe corrections.
|
| 505 |
0 |
|
|a Appetizers, beverages -- Soups, salads -- Vegetables -- Main dishes -- Breads, rolls -- desserts -- miscellaneous.
|
| 590 |
|
|
|b TAG Physical Holdings 2
|
| 650 |
|
0 |
|a Cooking, American.
|0 http://id.loc.gov/authorities/subjects/sh85031773
|
| 650 |
|
0 |
|a Community cookbooks.
|0 http://id.loc.gov/authorities/subjects/sh95008845
|
| 650 |
|
6 |
|a Cuisine américaine.
|
| 650 |
|
6 |
|a Livres de cuisine d'organismes communautaires.
|
| 650 |
|
7 |
|a Community cookbooks.
|2 fast
|0 (OCoLC)fst00870814
|
| 650 |
|
7 |
|a Cooking, American.
|2 fast
|0 (OCoLC)fst01753224
|
| 710 |
2 |
|
|a Texas A & M University at Galveston.
|0 http://id.loc.gov/authorities/names/n80099732
|
| 994 |
|
|
|a 92
|b TAG
|
| 852 |
0 |
|
|a TAG
|b TAGC
|c galv,sc
|h TX715 .S43
|m 1995
|
| 876 |
|
|
|p 33620001249735
|u noncirc
|v unmediated -- volume
|
| 999 |
f |
f |
|s 049f2b17-bf5f-4d49-a83e-889f5edfc4be
|i 918556c3-9d99-40c7-a0a8-cb062680f6ac
|t 0
|
| 952 |
f |
f |
|p noncirc
|a Texas A&M University
|b Galveston Campus
|c Jack K. Williams Library
|d Galveston Special Collections
|t 0
|e TX715 .S43
|g 1995
|h Library of Congress classification
|i unmediated -- volume
|m 33620001249735
|
| 998 |
f |
f |
|a TX715 .S43
|t 0
|l Galveston Special Collections
|